Squadre neopromosse in B subito promosse in Serie A - Statistics

Statistiche generali
  • Questo quiz è stato fatto 51 volte
  • Il punteggio medio è 12 su 19
Statistiche sulle risposte
Promozioni in A da neopromossa Squadra % Corretto
1 Napoli
85%
2 Lecce
83%
1 Bari
80%
2 Como
80%
1 Genoa
76%
1 Benevento
73%
1 Cagliari
73%
1 Parma
73%
1 Fiorentina
71%
1 Brescia
66%
1 Frosinone
66%
1 Bologna
63%
2 Udinese
63%
1 Empoli
61%
1 SPAL
59%
1 Cesena
49%
2 Modena
49%
1 Novara
41%
1 Varese
22%
Nessun quiz corrispondente trovato
Distribuzione punteggi
Percentuale di utenti per punteggio
Percentile per numero di risposta
I tuoi punteggi nel tempo
Non hai fatto questo quiz